BIBLIOTECA

SENCICO

Hormigón vibrado y hormigones especiales (Registro nro. 1873)

Detalles MARC
000 -LEADER
fixed length control field 00738nam a2200205Ia 4500
005 - DATE AND TIME OF LATEST TRANSACTION
control field 20251020182525.0
008 - FIXED-LENGTH DATA ELEMENTS--GENERAL INFORMATION
fixed length control field 200515s9999 xx 000 0 und d
082 ## - DEWEY DECIMAL CLASSIFICATION NUMBER
Classification number 691.328V/P32/1994
100 ## - MAIN ENTRY--PERSONAL NAME
Personal name PAYA PEINADO, MIGUEL
245 #0 - TITLE STATEMENT
Title Hormigón vibrado y hormigones especiales
250 ## - EDITION STATEMENT
Edition statement 18a ed.
260 ## - PUBLICATION, DISTRIBUTION, ETC.
Place of publication, distribution, etc. Barcelona
260 ## - PUBLICATION, DISTRIBUTION, ETC.
Date of publication, distribution, etc. 1994
500 ## - GENERAL NOTE
General note 1 ejemplar
520 ## - SUMMARY, ETC.
Summary, etc. Presenta una breve descripción del hormigón en general, estudiándose sus componentes, dosificaciones y resistencias. Seguidamente estudia la vibración con sus diferentes formas, clases, cualidades y aplicaciones. También describe un gran número de hormigo
650 ## - SUBJECT ADDED ENTRY--TOPICAL TERM
Topical term or geographic name entry element CONCRETO
650 ## - SUBJECT ADDED ENTRY--TOPICAL TERM
Topical term or geographic name entry element CONCRETO VIBRADO
650 ## - SUBJECT ADDED ENTRY--TOPICAL TERM
Topical term or geographic name entry element LIB
942 ## - ADDED ENTRY ELEMENTS (KOHA)
Koha item type Libros
Existencias
Fecha de la última vez que lo usaron Pago total Signatura topográfica completa Código de barras Precio efectivo desde Tipo de documento Estado perdido Estado dañado No es para préstamo Retirado Ubicación permanente Ubicación actual Fecha de adquisición
15/05/2020   691.328V/P32/1994 Bib-Lima15051873 15/05/2020 Libros         Biblioteca Central Lima Biblioteca Central Lima 15/05/2020